<?xml version="1.0" encoding="UTF-8"?><?xml-stylesheet type="text/xsl" href="static/style.xsl"?><OAI-PMH xmlns="http://www.openarchives.org/OAI/2.0/" xmlns:xsi="http://www.w3.org/2001/XMLSchema-instance" xsi:schemaLocation="http://www.openarchives.org/OAI/2.0/ http://www.openarchives.org/OAI/2.0/OAI-PMH.xsd"><responseDate>2026-04-14T08:20:19Z</responseDate><request verb="GetRecord" identifier="oai:www.recercat.cat:20.500.12328/3740" metadataPrefix="marc">https://recercat.cat/oai/request</request><GetRecord><record><header><identifier>oai:recercat.cat:20.500.12328/3740</identifier><datestamp>2025-05-16T12:45:46Z</datestamp><setSpec>com_2072_67741</setSpec><setSpec>col_2072_484355</setSpec></header><metadata><record xmlns="http://www.loc.gov/MARC21/slim" xmlns:dcterms="http://purl.org/dc/terms/" xmlns:xsi="http://www.w3.org/2001/XMLSchema-instance" xmlns:doc="http://www.lyncode.com/xoai" xsi:schemaLocation="http://www.loc.gov/MARC21/slim http://www.loc.gov/standards/marcxml/schema/MARC21slim.xsd">
   <leader>00925njm 22002777a 4500</leader>
   <datafield ind2=" " ind1=" " tag="042">
      <subfield code="a">dc</subfield>
   </datafield>
   <datafield ind2=" " ind1=" " tag="720">
      <subfield code="a">Antunes, Bianca</subfield>
      <subfield code="e">author</subfield>
   </datafield>
   <datafield ind2=" " ind1=" " tag="260">
      <subfield code="c">2018-05-29</subfield>
   </datafield>
   <datafield ind2=" " ind1=" " tag="520">
      <subfield code="a">Displacement of low-income workers as a result of speculation processes is a challenge recognized by the current government of Barcelona. The physicality of speculation can be broadly noticed when a neighbourhood drastically changes. On the other hand, it is rarely noticeable when the physical changes have not yet occurred – speculation happens invisibly behind the materialities of the city. This master thesis aims to contribute precisely to this task: the deduction work of what is not obviously visible. In order to accomplish this task, this work sheds light on residents’ perceptions about the changes in their neighbourhood, both the physical and non-physical aspects, and also to the drivers of the changes. Drawing on concepts in the literature on gentrification, the objective of this thesis is to understand what kind of changes are perceived by residents, thus building a critical cartography of gentrification in the neighbourhood. The area of study is Vallcarca, a neighbourhood in the north of Barcelona that faced urban redevelopment plans not fully implemented in the last 40 years, leading to a physical decay of its Casc Antic (historic centre), demolitions, and urban renewal projects. The methodology includes one-to-one interviews and a collective mapping. The results show how perceptions can coincide or differ themselves depending on age, time living in the neighbourhood, or housing tenure (owner, renters or squatters) of the respondents.</subfield>
   </datafield>
   <datafield ind1="8" ind2=" " tag="024">
      <subfield code="a">http://hdl.handle.net/20.500.12328/3740</subfield>
   </datafield>
   <datafield tag="653" ind2=" " ind1=" ">
      <subfield code="a">Desenvolupament urbà sostenible</subfield>
   </datafield>
   <datafield tag="653" ind2=" " ind1=" ">
      <subfield code="a">Gentrificació</subfield>
   </datafield>
   <datafield tag="653" ind2=" " ind1=" ">
      <subfield code="a">Desarrollo urbano sostenible</subfield>
   </datafield>
   <datafield tag="653" ind2=" " ind1=" ">
      <subfield code="a">Gentrificación</subfield>
   </datafield>
   <datafield tag="653" ind2=" " ind1=" ">
      <subfield code="a">Sustainable urban development</subfield>
   </datafield>
   <datafield tag="653" ind2=" " ind1=" ">
      <subfield code="a">Gentrification</subfield>
   </datafield>
   <datafield ind2="0" ind1="0" tag="245">
      <subfield code="a">Residents’ perceptions: a collective critical cartography of gentrification in Vallcarca, Barcelona</subfield>
   </datafield>
</record></metadata></record></GetRecord></OAI-PMH>